000 00876cam a2200241 i 4500
003 SA-RiAUC
005 20260330142117.0
008 260215s1911 su g 000r0 ara c
040 _aSA-JeALM
_bara
_cSA-RiAUC
_erda
082 0 4 _a213
090 _aم ن 213
_bج و هـ
245 0 2 _aالجوهر الثمين في مهمات الدين /
_cلبعض علماء البلد الأمين.
250 _aالطبعة الأولى.
264 1 _aمكة المكرمة :
_b[الناشر غير محدد]،
_c[1911]
264 _bمطبعة الترقى الماجدية
300 _a48 صفحة ؛
_c29 سم
336 _aنص
_btxt
_2rdacontent
_3كتاب
337 _aبدون وسيط
_bn
_2rdamedia
338 _aمجلد
_bnc
_2rdacarrier
650 7 _aالوعظ والإرشاد
_2aucsh
942 _2ddc
_cRBOOK COPY
_n0
949 _aSA-JeALM
_d260215
_umohamedma123
_n1
999 _c14702
_d14702